Las reservas naturales del Nodo Orinoquía en su rol de conservación de la biodiversidad (Registro nro. 7430)

Detalles MARC
000 -CABECERA
Campo de control 01130nam a22002537a 4500
005 - FECHA Y HORA DE LA ULTIMA TRANSACCION
Campo de control 20170518020002.0
008 - ELEMENTOS DE LONGITUD FIJA—INFORMACION GENERAL
Campo de control 111012s2011 ck abdo r 000 0 spa d
020 ## - ISBN
ISBN 9789589996508
041 0# - IDIOMA
Código de idioma para texto/pista de sonido o título separado Español
044 ## - PAÍS DE PUBLICACIÓN
País de publicación Colombia
082 04 - NUMERO DE CLASIFICACION DECIMAL DEWEY
Número de clasificación 333.72
Número del ítem P51r
100 1# - ASIENTO PRINCIPAL--NOMBRE PERSONAL
Nombre personal Peñuela-Recio, Lourdes
245 14 - MENCION DE TITULO
Título Las reservas naturales del Nodo Orinoquía en su rol de conservación de la biodiversidad
Mención de responsabilidad Lourdes Peñuela Recio, Francisco Castro Lima y Natalia Ocampo-Peñuela
250 ## - MENCION DE EDICION
Mención de edición 1a ed.
260 ## - PUBLICACION, DISTRIBUCION, ETC. (PIE DE IMPRENTA)
Lugar de publicación, distribución, etc. Bogotá
Nombre del editor, distribuidor, etc. Fundación Horizonte Verde
-- Asociación Colombiana de Reservas naturales de la Sociedad Civil
Fecha de publicación, distribución, etc. 2011.
300 ## - DESCRIPCION FISICA
Extensión 104 p.
Otros detalles físicos ilustraciones, fotos a color, mapas y tablas
Dimensiones 28 cm.
504 ## - NOTA DE BIBLIOGRAFIA, ETC.
Nota de bibliografía Incluye referencias bibliográficas (p. 103).
650 14 - ASIENTO SECUNDARIO DE MATERIA - TERMINO TEMATICO
Término temático o nombre geográfico como elemento de entrada Conservación de los recursos naturales
Subdivisión geográfica Región de la Orinoquía (Colombia)
650 24 - ASIENTO SECUNDARIO DE MATERIA - TERMINO TEMATICO
Término temático o nombre geográfico como elemento de entrada Conservación de suelos
Subdivisión geográfica Región de la Orinoquía (Colombia)
650 24 - ASIENTO SECUNDARIO DE MATERIA - TERMINO TEMATICO
Término temático o nombre geográfico como elemento de entrada Conservación biológica
Subdivisión geográfica Región de la Orinoquía (Colombia)
700 1# - ASIENTO SECUNDARIO - NOMBRE PERSONAL
Nombre personal Castro-Lima, Francisco
700 1# - ASIENTO SECUNDARIO - NOMBRE PERSONAL
Nombre personal Ocampo-Peñuela, Natalia
942 ## - ELEMENTOS ADICIONALES (KOHA)
Sistema de clasificación Dewey Decimal Classification
Tipo de ítem
Koha issues (borrowed), all copies 3
Existencias
Withdrawn status Lost status Sistema de Clasificación Damaged status No para préstamo Colección Inventariado Ubicación Permanente Ubicación actual Fecha de adquisición Fuente de Valor Valor Total Checkouts Número topográfico Inventario / Código de Barras Date last seen Date checked out Ejemplar Price effective from Forma de adquisición Tipo de material
    Dewey Decimal Classification     General Inventariado 2017 Bogotá Bogotá 23/07/2013 Instituto 39000.00 3 LB 333.72 P51r 028363 10/10/2019 10/10/2019 Ej. 1 23/07/2013   Libro
    Dewey Decimal Classification     General Inventariado 2017 Sala Fabio Quevedo Sala Fabio Quevedo 14/02/2014 Instituto 39000.00 1 LB-333.72 P51r 059836 28/02/2014 28/02/2014 Ej. 2 14/02/2014   Libro
    Dewey Decimal Classification     General Inventariado 2017 Sala Fabio Quevedo Sala Fabio Quevedo 25/07/2014 Instituto 39000.00   LB-333.72 P51r 038203 25/07/2014   Ej. 3 25/07/2014   Libro